000
00206 a2200097 4500
001
23133
100
_a
Tomeski, E A
245
_a
Computer Revolution
260
_a
_b
Macmillan
_c
1970
090
_c
15673
_d
15673
942
_a
NUST-CAE
_c
M
_c
6306
999
_c
258206
_d
258206